Elémens du droit naturel / (Record no. 152872)

MARC details
000 -LEADER
campo de control de longitud fija 01080nam a22002415i 4500
001 - NÚMERO DE CONTROL
campo de control 152872
003 - IDENTIFICADOR DE NÚMERO DE CONTROL
campo de control ES-MaACL
005 - FECHA Y HORA DE LA ÚLTIMA TRANSACCIÓN
campo de control 20250905165453.0
008 - DATOS DE LONGITUD FIJA--INFORMACIÓN GENERAL
campo de control de longitud fija 051019s1820 fr | |||||||| ||fre d
040 ## - FUENTE DE CATALOGACIÓN
Centro catalogador/agencia de origen CAM
Lengua de catalogación spa
Centro/agencia transcriptor CAM
100 1# - ENTRADA PRINCIPAL--NOMBRE DE PERSONA
Nombre de persona Burlamaqui, Jean-Jacques.
9 (RLIN) 126242
245 10 - MENCIÓN DEL TÍTULO
Título Elémens du droit naturel /
Mención de responsabilidad, etc. par Burlamaqui. Et devoirs de l'homme et du citoyen, tels qu'ils lui sont prescrits par la loi naturelle / traduits du latin de Pufendorf par Barbeyrac ; avec les notes du traducteur et le jugement de Leibnitz.
250 ## - MENCION DE EDICION
Mención de edición Nouvelle éd.
260 ## - PUBLICACIÓN, DISTRIBUCIÓN, ETC.
Lugar de publicación, distribución, etc. Paris :
Nombre del editor, distribuidor, etc. chez Janet et Cotelle, libraires,
Fecha de publicación, distribución, etc. 1820 (
Fabricante de l'imprimerie de A. Belin)
300 ## - DESCRIPCIÓN FÍSICA
Extensión XVI, 248, [2], 428 p. ;
Dimensiones 19 cm.
650 #7 - PUNTO DE ACCESO ADICIONAL DE MATERIA--TÉRMINO DE MATERIA
Término de materia o nombre geográfico como elemento de entrada Derecho natural
Fuente del encabezamiento o término embne
9 (RLIN) 11744
650 #7 - PUNTO DE ACCESO ADICIONAL DE MATERIA--TÉRMINO DE MATERIA
Término de materia o nombre geográfico como elemento de entrada Filosofía de la naturaleza
Fuente del encabezamiento o término embne
9 (RLIN) 12839
700 1# - ENTRADA AGREGADA--NOMBRE PERSONAL
Nombre de persona Barbeyrac, Jean.
9 (RLIN) 125802
700 1# - ENTRADA AGREGADA--NOMBRE PERSONAL
Nombre de persona Pufendorf, Samuel,
Títulos y otros términos asociados al nombre Freiherr von,
Fechas asociadas al nombre 1632-1694
9 (RLIN) 131409
700 1# - ENTRADA AGREGADA--NOMBRE PERSONAL
Nombre de persona Leibniz, Gottfried Wilhelm
Títulos y otros términos asociados al nombre , Freiherr von.
9 (RLIN) 71367
852 ## - LOCALIZACIÓN
Ubicación ES-MaACL
Número de control de estantería C-3859
Nota libre -- Enc. hol. con puntas
Holdings
Estatus retirado Estado de pérdida Estado de daño No para préstamo Colección Biblioteca de origen Biblioteca actual Ubicación en estantería Fecha de adquisición Fuente de adquisición Total de préstamos Signatura topográfica completa Código de barras Visto por última vez Precio de reemplazo Tipo de ítem Koha
        Libros del s. XIX Biblioteca del Ateneo de Madrid Biblioteca del Ateneo de Madrid Sala Palomar 17/01/2008     C-3859 1159666 23/02/2023 23/02/2023 Libro impreso antiguo